<?xml version="1.0" encoding="UTF-8"?>
<record
    xmlns:xsi="http://www.w3.org/2001/XMLSchema-instance"
    xsi:schemaLocation="http://www.loc.gov/MARC21/slim http://www.loc.gov/standards/marcxml/schema/MARC21slim.xsd"
    xmlns="http://www.loc.gov/MARC21/slim">

  <leader>00674nam a22001937a 4500</leader>
  <controlfield tag="008">230706b        |||||||| |||| 00| 0 eng d</controlfield>
  <datafield tag="020" ind1=" " ind2=" ">
    <subfield code="a">8176480541</subfield>
  </datafield>
  <datafield tag="040" ind1=" " ind2=" ">
    <subfield code="a">National Science Library</subfield>
    <subfield code="c">National Science Library</subfield>
  </datafield>
  <datafield tag="080" ind1=" " ind2=" ">
    <subfield code="a">504.06</subfield>
    <subfield code="b">N9.4</subfield>
  </datafield>
  <datafield tag="100" ind1=" " ind2=" ">
    <subfield code="a">Markandey, Dilip Kumar</subfield>
  </datafield>
  <datafield tag="245" ind1=" " ind2=" ">
    <subfield code="a">&#x92A;&#x94D;&#x930;&#x915;&#x943;&#x924;&#x93F; &#x92A;&#x930;&#x94D;&#x92F;&#x93E;&#x935;&#x930;&#x923; &#x92A;&#x94D;&#x930;&#x926;&#x942;&#x937;&#x923; &#x90F;&#x935;&#x902; &#x928;&#x93F;&#x92F;&#x902;&#x924;&#x94D;&#x930;&#x923; </subfield>
  </datafield>
  <datafield tag="246" ind1=" " ind2=" ">
    <subfield code="a">Prakriti paryavaran pradushan evam niyantaran</subfield>
  </datafield>
  <datafield tag="260" ind1=" " ind2=" ">
    <subfield code="a">New Delhi: </subfield>
    <subfield code="b">A. P. H. Publishing Corporation, </subfield>
    <subfield code="c">1999</subfield>
  </datafield>
  <datafield tag="300" ind1=" " ind2=" ">
    <subfield code="a">200p.</subfield>
  </datafield>
  <datafield tag="650" ind1=" " ind2=" ">
    <subfield code="a">Hindi literature</subfield>
  </datafield>
  <datafield tag="653" ind1=" " ind2=" ">
    <subfield code="a">Environment protection</subfield>
  </datafield>
  <datafield tag="700" ind1=" " ind2=" ">
    <subfield code="a">Rajvaidh, Nilima</subfield>
  </datafield>
  <datafield tag="942" ind1=" " ind2=" ">
    <subfield code="2">udc</subfield>
    <subfield code="c">HBK</subfield>
  </datafield>
  <datafield tag="999" ind1=" " ind2=" ">
    <subfield code="c">50033</subfield>
    <subfield code="d">50033</subfield>
  </datafield>
  <datafield tag="952" ind1=" " ind2=" ">
    <subfield code="0">0</subfield>
    <subfield code="1">0</subfield>
    <subfield code="2">udc</subfield>
    <subfield code="4">0</subfield>
    <subfield code="6">50406_N94</subfield>
    <subfield code="7">0</subfield>
    <subfield code="9">78294</subfield>
    <subfield code="a">NSL</subfield>
    <subfield code="b">NSL</subfield>
    <subfield code="c">GF/REF/Rk-2/C-8/R-1</subfield>
    <subfield code="d">1999-10-07</subfield>
    <subfield code="l">0</subfield>
    <subfield code="o">504.06 N9.4</subfield>
    <subfield code="p">178736</subfield>
    <subfield code="r">2023-07-06 00:00:00</subfield>
    <subfield code="w">1999-10-07</subfield>
    <subfield code="y">HBK</subfield>
  </datafield>
</record>
